| 000 | 00684nam a22001815i 4500 | ||
|---|---|---|---|
| 001 | 169478 | ||
| 003 | ES-MaACL | ||
| 005 | 20250902100027.0 | ||
| 008 | 080917s1863 sp |||| | spa d | ||
| 080 | _a061.235(460.27 M.) | ||
| 110 | 2 |
_aReal Sociedad Económica Matritense de Amigos del País. _96389 |
|
| 245 | 1 | 0 | _aLista de los individuos de la Sociedad Económica Matritense en 1º de enero de 1863. |
| 260 |
_aMadrid : _b[s.n.], _c1863 ( _fImp. del Colegio de Sordo-Mudos y de Ciegos) |
||
| 300 |
_a35 p. ; _c21 cm. |
||
| 610 | 2 | 7 |
_aReal Sociedad Económica Matritense de Amigos del País. _tLista de socios _2 _9154093 |
| 852 | 4 |
_aES-MaACL _jT-85-F-6 |
|
| 999 |
_c169478 _d169478 |
||